[Event "Wch U20"]
[Site "Zagan"]
[Date "1997.07.24"]
[Round "10"]
[White "Krakops, Maris"]
[Black "Balogh, Tomas"]
[Result "1/2-1/2"]
[WhiteElo "2530"]
[BlackElo "2390"]
[PlyCount "144"]
[EventDate "1997.07.14"]
[EventType "swiss"]
[EventRounds "13"]
[EventCountry "POL"]
[SourceTitle "CBM 059 Extra"]
[Source "ChessBase"]
[SourceDate "1997.09.26"]
[SourceVersion "1"]
[SourceVersionDate "1997.09.26"]
[SourceQuality "1"]

1. e4 e5 2. Nf3 Nf6 3. d4 Nxe4 4. Bd3 Nc6 5. d5 Nc5 6. dxc6 e4 7. cxb7 Bxb7 8. Be2 exf3 9. Bxf3 Rb8 10. 0-0 Be7 11. Nd2 0-0 12. Nb3 Ne6 13. Be3 a6 14. Bxb7 Rxb7 15. Rb1 c6 16. Qd3 a5 17. Qa6 Rb5 18. Rfd1 Qc7 19. a4 Rh5 20. h3 Rb8 21. Nd4 Bc5 22. b3 Rd5 23. Nxe6 dxe6 24. Bxc5 Rxc5 25. Qe2 g6 26. c4 Qe5 27. Qd3 Qf5 28. Qd6 Rb4 29. g4 Qe5 30. Qe7 Rb8 31. Rd7 Rf8 32. Rf1 Kg7 33. Rfd1 Qg5 34. Qxg5 Rxg5 35. Rc7 Rc5 36. Rdd7 h5 37. f3 hxg4 38. hxg4 Re5 39. Kf2 Rc5 40. Rb7 g5 41. Rdc7 Kg6 42. Rb6 Kf6 43. Rbb7 Kg6 44. Rb6 Kf6 45. Rcxc6 Rxc6 46. Rxc6 Rb8 47. Rc5 Rxb3 48. Rxa5 Rc3 49. Rc5 Ke7 50. Rxg5 Rxc4 51. Ra5 Kf6 52. Kg3 e5 53. Kf2 Rb4 54. Ke3 Rb3+ 55. Ke4 Rb4+ 56. Ke3 Rb3+ 57. Kf2 Rb2+ 58. Kg3 Rb4 59. Ra8 Rb3 60. Kg2 Rb2+ 61. Kg3 Rb3 62. Ra6+ Kg5 63. Ra5 f6 64. Rb5 Ra3 65. Rb4 Kg6 66. Kf2 Kg5 67. Rc4 Kg6 68. Ke2 Kg5 69. Rb4 Kg6 70. f4 exf4 71. Rxf4 Kg5 72. Rb4 f5 1/2-1/2